Modern farm management (Record no. 19281)
[ view plain ]
| 000 -LEADER | |
|---|---|
| fixed length control field | 00406nam a22001457a 4500 |
| 008 - FIXED-LENGTH DATA ELEMENTS--GENERAL INFORMATION | |
| fixed length control field | 220317b |||||||| |||| 00| 0 eng d |
| 020 ## - INTERNATIONAL STANDARD BOOK NUMBER | |
| International Standard Book Number | 8176221090 |
| 050 ## - LIBRARY OF CONGRESS CALL NUMBER | |
| Classification number | S561 |
| Item number | .B63 2014 c.1 |
| 100 ## - MAIN ENTRY--PERSONAL NAME | |
| Personal name | Boss, Andrew |
| 245 ## - TITLE STATEMENT | |
| Title | Modern farm management |
| Remainder of title | principles and practice |
| Statement of responsibility, etc. | Andrew Boss |
| 260 ## - PUBLICATION, DISTRIBUTION, ETC. (IMPRINT) | |
| Place of publication, distribution, etc. | Delhi |
| Name of publisher, distributor, etc. | Biotech Books |
| Date of publication, distribution, etc. | 2014 |
| 300 ## - PHYSICAL DESCRIPTION | |
| Extent | viii, 580p. |
| 700 ## - ADDED ENTRY--PERSONAL NAME | |
| Personal name | Pond George A. |
| 942 ## - ADDED ENTRY ELEMENTS (KOHA) | |
| Source of classification or shelving scheme | Library of Congress Classification |
| Koha item type | General Collection |
| Withdrawn status | Lost status | Source of classification or shelving scheme | Not for loan | Home library | Current library | Date acquired | Cost, normal purchase price | Total Checkouts | Full call number | Barcode | Date last seen | Price effective from | Koha item type |
|---|---|---|---|---|---|---|---|---|---|---|---|---|---|
| Library of Congress Classification | Kabarak, Main Campus | Kabarak, Main Campus | 17/03/2022 | 8582.00 | S561 .B63 2014 c.1 | 031622 | 17/03/2022 | 17/03/2022 | General Collection |